000 00391nam a2200169Ia 4500
003 0STCL
008 150530s9999 xx 000 0 und d
040 _aSTCL
_cSTCL
100 _aNarendra Bhanavat
245 _aKarma Sidhant
260 _bSamyagyan Prakashak Mandal; Jaipur
_c1985
300 _a0
546 _aEnglish
942 _2ddc
_cBK
999 _c65602
_d65602
005 20220125171310.0